Jane Eyre /

में बचाया:
ग्रंथसूची विवरण
मुख्य लेखक: Brontë, Emily, 1818-1848.
स्वरूप: पुस्तक
भाषा:English
प्रकाशित: Cambridge : Cambridge University Press, 1996.
विषय:
टैग : टैग जोड़ें
कोई टैग नहीं, इस रिकॉर्ड को टैग करने वाले पहले व्यक्ति बनें!
Thư viện lưu trữ: Mạng thư viện Đại học Đà Nẵng
LEADER 00895cam a2200349 i 4500
001 000045979
003 5200
005 20030214113031.0
008 010220|1996 vm 000 eng
020 |a 052156865X (pbk.) 
040 |a IRC  |c IRC  |d IRC 
041 0 |a eng 
082 1 4 |a 823.8  |b BR-C 
100 1 |a Brontë, Emily,  |d 1818-1848. 
245 0 0 |a Jane Eyre /  |c Emily Brontë, 1818-1848. 
260 |a Cambridge :  |b Cambridge University Press,  |c 1996. 
300 |a 528p. 
630 0 4 |a English fiction. 
650 0 4 |a England  |b Fiction. 
650 0 4 |a Governesses  |x Fiction. 
650 0 4 |a Mantally ill women  |x Fiction. 
651 4 |a England  |x Fiction. 
OWN |a DUT 
999 |a From the UDN01 
TYP |a Monograph 
TYP |a Printed language 
980 |a Mạng thư viện Đại học Đà Nẵng